Trouvez les pays avec des chiffres - Statistiques

Statistiques générales
  • Ce quiz a été pris 232 fois
  • Le résultat moyen est 9 sur 10
Statistiques - réponses
Substitution Nom du pays % Correct
6 / 18 / 1 / 14 / 3 / 5 France
99%
7 / 8 / 1 / 14 / 1 Ghana
96%
10 / 1 / 16 / 15 / 14 Japon
93%
8 / 15 / 14 / 4 / 21 / 18 / 1 / 19 Honduras
92%
12 / 1 / 15 / 19 Laos
92%
13 / 15 / 14 / 1 / 3 / 15 Monaco
92%
6 / 9 / 4 / 10 / 9 Fidji
91%
13 / 1 / 18 / 15 / 3 Maroc
91%
16 / 1 / 12 / 1 / 15 / 19 Palaos
91%
16 / 15 / 12 / 15 / 7 / 14 / 5 Pologne
91%
Aucun quiz correspondant
Distribution des résultats
% des personnes avec chaque résultat
Percentile par nombre de réponses
Votre historique - résultats
Vous n’avez pas pris ce quiz